000 00512cam a2200145 4500500
005 20251228090900.0
041 _afre
042 _adc
100 1 0 _aFaguer, Nicolas
_eauthor
245 0 0 _aUne vidéo sur Péguy et les Cahiers de la Quinzaine
260 _c2019.
500 _a52
786 0 _nBulletin de l’Amitié Charles Péguy | 166 | 2 | 2019-04-25 | p. 140-140 | 0180-8567
856 4 1 _uhttps://shs.cairn.info/revue-bulletin-de-lamitie-charles-peguy-2019-2-page-140?lang=fr&redirect-ssocas=7080
999 _c1602831
_d1602831